Islam in History and Politics (Record no. 16392)

MARC details
000 -LEADER
fixed length control field 00598nam a2200229 a 4500
020 ## - INTERNATIONAL STANDARD BOOK NUMBER
ISBN 0195680162
082 00 - DEWEY DECIMAL CLASSIFICATION NUMBER
Classification number 297.0954
Author Cutter ROY
100 ## - MAIN ENTRY--AUTHOR NAME
Author name Roy, Asim
245 ## - TITLE STATEMENT
Title Islam in History and Politics
Sub title Perspectives from South Asia
260 ## - PUBLICATION, DISTRIBUTION, ETC. (IMPRINT)
Place of publication Londan
Name of publisher Oxford University Press
Year of publication 2006
300 ## - PHYSICAL DESCRIPTION
Number of Pages 224p
500 ## - GENERAL NOTE
General note includes index and biblioraphy
650 ## - SUBJECT ADDED ENTRY--TOPICAL TERM
Topical Term Islam-South Asia
942 ## - ADDED ENTRY ELEMENTS (KOHA)
Koha item type Books
700 1# -
-- Roy, Asim
Holdings
Home library Current library Date acquired Cost, normal purchase price Full call number Accession Number Koha item type
Henry Martyn Institute Library Henry Martyn Institute Library 04/02/2008 525.00 297.0954 ROY C1 022319 Books
Henry Martyn Institute Library Henry Martyn Institute Library 05/24/2018 250.00 297.0954 ROY C2 24327 Books
                   Copyright © 2026 | Henry Martyn Institute | Hyderabad | TS-500052 | INDIA | Implemented by hmi.edu.in
Hit-Count:

Powered by Koha